| 000 | 003850000a22001210004500 | ||
|---|---|---|---|
| 090 |
_aAR _b04193 |
||
| 245 | 1 | 0 | _aNew genus and four new species of new world Trichiinae (Coleoptera: Scarabaeidae) |
| 041 | 0 | _aInglés | |
| 500 | _a<Literatura de escarabajos coprófagos> | ||
| 100 | 1 |
_aHowden, Henry F. _998069 |
|
| 942 | _cARTICULO | ||
| 773 | 1 |
_tColeopterists Bulletin _h3 _q241-250 _d1988 _g42 |
|
| 999 |
_c13290 _d13290 |
||